How Linux Works 3/e
Saved in:
| Main Author: | |
|---|---|
| Format: | Book |
| Published: |
No Starch
|
| Tags: |
No Tags, Be the first to tag this record!
|
MARC
| LEADER | 00000nam a2200000Ia 4500 | ||
|---|---|---|---|
| 005 | 20260513122050.0 | ||
| 020 | |a 9781718500402 | ||
| 100 | |a Ward | ||
| 365 | |||
| 365 | |b 20.00 | ||
| 942 | |c BK | ||
| 245 | |a How Linux Works 3/e | ||
| 260 | |b No Starch | ||
| 999 | |c 26 |d 26 | ||
| 952 | |0 0 |1 0 |4 0 |7 0 |a UNSW |b UNSW |d 2026-04-29 |g 49.99 |i 16671 |l 0 |p 000004 |r 2026-05-13 12:20:50 |v 49.99 |w 2026-05-13 |y BK | ||